Les Dones i el tabac
Descripción Física:
11 p. ; 21 cm
Colección:
Salut pública (Barcelona (Catalunya : Província). Diputació)
; 2
Idioma:
Catalán
MARC
| LEADER | 00000nam a2200000Ia 4500 | ||
|---|---|---|---|
| 001 | 9577 | ||
| 003 | Arxiu | ||
| 005 | 20260324175409.0 | ||
| 008 | 160829s1991 spc xx s cat c | ||
| 040 | |a AGDB | ||
| 041 | |a cat | ||
| 080 | |a FU-10-49 | ||
| 245 | 0 | 4 | |a Les Dones i el tabac |
| 260 | |a Barcelona : |b Diputació de Barcelona. Servei de Salut Pública i Consum, |c 1991 | ||
| 300 | |a 11 p. ; |c 21 cm | ||
| 490 | 1 | |a Salut pública ; |v 2 | |
| 650 | |a Tabac |x Efectes fisiològics |9 31502 | ||
| 650 | |a Dones |x Consum de tabac |9 31503 | ||
| 710 | |a Barcelona (Catalunya : Província). |b Servei de Salut Pública i Consum |9 8151 | ||
| 830 | 0 | |9 56037 |a Salut pública (Barcelona (Catalunya : Província). Diputació) |v 2 | |
| 901 | |a Arxiu | ||
| 942 | |n 1 |2 udc |c ARXIU | ||
| 952 | |0 0 |1 0 |4 0 |6 FU1049 |7 1 |9 45637 |a Arxiu |b Arxiu |d 2016-12-01 |l 0 |o FU-10-49 |p 9577 |r 2016-12-01 00:00:00 |w 2016-12-01 |y ARXIU | ||
| 999 | |c 49136 |d 49136 | ||